000
00315nam a2200121Ia 4500
005
20251222141902.0
008
251222s9999||||xx |||||||||||||| ||spa||
082
_a
371.6/S72
100
_a
Sovero Hinostroza, Franklin V.
245
0
_a
Cómo Dirigir un Centro Educativo Innovador
264
_b
San Marcos
942
_c
LIB
999
_c
8090
_d
8090